000 00464nam a22001577a 4500
003 OSt
005 20260127160416.0
008 260127b |||||||| |||| 00| 0 eng d
040 _cMRSPTU
041 _aENG
100 _aAnmol Garg , Supervisor: Dr. Sanjiv Aggarwal
245 _aUse of Fly Ash and Other Waste Materials in Road Construction
260 _bDepartment of Civil Engg. MRSPTU, Bathinda
_c2003
650 _aCivil Engineering
942 _2ddc
_cTH
_n0
999 _c10769
_d10769